| 000 | 00757nam a22002297a 4500 | ||
|---|---|---|---|
| 999 |
_c6280 _d6280 |
||
| 003 | AR-CdUCM | ||
| 008 | 190314b ||||| |||| 00| 0 spa d | ||
| 040 |
_aMUNICIPALIDAD PROVINCIAL DEL CUSCO _cBIBLIOTECA MUNICIPAL DEL CUSCO |
||
| 082 |
_a869.624 / _bY42 |
||
| 100 |
_aYcaza,Jorge _918035 |
||
| 245 | _aEl chulla Romero y Flores / | ||
| 260 |
_aQuito : _bEditorial Casa de la cultura ecuatoriana, _c1958. |
||
| 300 |
_a208 paginas ; _c18 cm. |
||
| 440 |
_aClásicos ariel _n37 _918036 |
||
| 500 | _aDonación familia Nieto. | ||
| 505 | _aContenido :El chulla romero y flores. | ||
| 650 |
_aNovelas ecuatorianas _910117 |
||
| 650 |
_aLiteratura ecuatorianas _918037 |
||
| 650 |
_aLiteratura del siglo xx _97647 |
||
| 942 |
_2ddc _cLIBROS |
||
| 945 | _arum | ||